000 nam a22 7a 4500
999 _c127266
_d127266
008 171128b xxu||||| |||| 00| 0 eng d
050 _aBX1682.Z5 B572
100 _aBex, Anthony
_937741
245 _aSt Peter's Harare
_bPotraits of an African Town Parish
_c/ Anthony Bex
260 _aGwelo
_bMambo Press
_c1976
300 _a63p. ;
_c21cm.
440 _aMambo occasional papers- Missio-Pastoral Serie no.7
_937742
650 _aSt Peter's ( Pariil )
_xHarare ( Zimbabwe )
_937743
650 _aChurch history
_xZimbabwe
_937744
942 _2lcc
_cMONOGRAPH